<?xml version="1.0" encoding="UTF-8"?>
<record
    xmlns:xsi="http://www.w3.org/2001/XMLSchema-instance"
    xsi:schemaLocation="http://www.loc.gov/MARC21/slim http://www.loc.gov/standards/marcxml/schema/MARC21slim.xsd"
    xmlns="http://www.loc.gov/MARC21/slim">

  <leader>04410nab a2200601uuc4500</leader>
  <controlfield tag="001">1353526</controlfield>
  <controlfield tag="005">20240921090804.0</controlfield>
  <controlfield tag="008">131206e20130405                    spa  </controlfield>
  <datafield tag="035" ind1=" " ind2=" ">
    <subfield code="a">1353526</subfield>
  </datafield>
  <datafield tag="040" ind1=" " ind2=" ">
    <subfield code="c">comduadb</subfield>
  </datafield>
  <datafield tag="041" ind1=" " ind2=" ">
    <subfield code="a">spa</subfield>
  </datafield>
  <datafield tag="100" ind1="1" ind2="0">
    <subfield code="a">Gonz&#xE1;lez Tamayo, Juan Pablo</subfield>
    <subfield code="4">aut</subfield>
    <subfield code="e">aut</subfield>
    <subfield code="9">683206</subfield>
  </datafield>
  <datafield tag="245" ind1="1" ind2="0">
    <subfield code="a">El&#xE9;ctrica (dossier)</subfield>
  </datafield>
  <datafield tag="505" ind1=" " ind2=" ">
    <subfield code="a">CONTENIDO: Simulaci&#xF3;n de control vectorial a un motor de inducci&#xF3;n / Juan Pablo Gonz&#xE1;lez Tamayo; Luis Enrique Avenda&#xF1;o Gonz&#xE1;lez (pp. 1-10). -- Simulaci&#xF3;n y validaci&#xF3;n del modelo polinomial de la carga utilizando ATP / Ricardo Herrera Orozco; Juan Jose Mora Florez; Jhon Fredy Pati&#xF1;o (pp. 11-18). -- Regularizaci&#xF3;n de problemas din&#xE1;micos inversos en la generaci&#xF3;n EEG mediante estimaci&#xF3;n dual basada en el filtro de Kalman / Eduardo Giraldo Su&#xE1;rez; Cesar G. Castellanos; Carlos David Zuluaga R&#xED;os (pp. 19-24). -- Dise&#xF1;o de un controlador difuso para el estacionamiento de un autom&#xF3;vil en reversa / Oscar Fernando Avil&#xE9;s S&#xE1;nchez; J. M. Chaparro Fonseca (pp. 25-31). -- Balanceo y Estabilizaci&#xF3;n del P&#xE9;ndulo Invertido Empleando Redes Neuronales Artificiales y un Regulador Lineal &#xD3;ptimo con Criterio Cuadr&#xE1;tico (LQR) / Oscar Danilo Montoya Giraldo; Juan Guillermo Valenzuela Hern&#xE1;ndez; Didier Giraldo Buitrago (pp. 32-41). -- Identificaci&#xF3;n de variables principales en el planeamiento de redes de transmisi&#xF3;n usando t&#xE9;cnicas heur&#xED;sticas basadas en PLE y PNLE / Laura M&#xF3;nica Escobar Vargas; Antonio Hernando Escobar Zuluaga; Jose Nicolas Melchor Gutierrez; Alejandro Duque G&#xF3;mez (pp. 42-50). -- Dise&#xF1;o y simulaci&#xF3;n de un sistema aut&#xF3;nomo para el proceso de te&#xF1;ido de prendas tipo jean / Mauricio Holgu&#xED;n Londo&#xF1;o; Cristhian Uchima Mar&#xED;n; Jos&#xE9; Armando Betancur Gonz&#xE1;lez (pp. 51-59). -- An&#xE1;lisis comparativo de m&#xE9;todos de localizaci&#xF3;n de fallas en sistemas de distribuci&#xF3;n con cargas conectadas a tierra / Andr&#xE9;s Felipe Panesso Hern&#xE1;ndez; Juan Jos&#xE9; Mora Fl&#xF3;rez (pp. 60-68). -- stauraci&#xF3;n de sistemas el&#xE9;ctricos de distribuci&#xF3;n usando un algoritmo heur&#xED;stico constructivo / Rub&#xE9;n Iv&#xE1;n Bola&#xF1;os, Ricardo Alberto Hincapi&#xE9; Isaza, Ram&#xF3;n Alfonso Gallego Rend&#xF3;n (pp. 69-78).</subfield>
  </datafield>
  <datafield tag="650" ind1=" " ind2=" ">
    <subfield code="a">Control vectorial</subfield>
    <subfield code="9">67564</subfield>
  </datafield>
  <datafield tag="650" ind1=" " ind2=" ">
    <subfield code="a">Motores de inducci&#xF3;n</subfield>
    <subfield code="9">61225</subfield>
  </datafield>
  <datafield tag="650" ind1=" " ind2=" ">
    <subfield code="a">Sistemas de distribuci&#xF3;n el&#xE9;ctrica</subfield>
    <subfield code="9">178432</subfield>
  </datafield>
  <datafield tag="650" ind1=" " ind2=" ">
    <subfield code="a">Electroencefalograf&#xED;a - M&#xE9;todos</subfield>
    <subfield code="9">193448</subfield>
  </datafield>
  <datafield tag="650" ind1=" " ind2=" ">
    <subfield code="a">Problemas inversos</subfield>
    <subfield code="9">56730</subfield>
  </datafield>
  <datafield tag="650" ind1=" " ind2="7">
    <subfield code="a">L&#xF3;gica difusa</subfield>
    <subfield code="2">lemb</subfield>
    <subfield code="9">15519</subfield>
  </datafield>
  <datafield tag="650" ind1=" " ind2=" ">
    <subfield code="a">Reglas de inferencia</subfield>
    <subfield code="9">144210</subfield>
  </datafield>
  <datafield tag="650" ind1=" " ind2=" ">
    <subfield code="a">P&#xE9;ndulo invertido</subfield>
    <subfield code="9">65199</subfield>
  </datafield>
  <datafield tag="650" ind1=" " ind2="7">
    <subfield code="a">Redes neurales (Computadores)</subfield>
    <subfield code="2">lemb</subfield>
    <subfield code="9">198995</subfield>
  </datafield>
  <datafield tag="650" ind1=" " ind2=" ">
    <subfield code="a">Heur&#xED;stica</subfield>
    <subfield code="9">23241</subfield>
  </datafield>
  <datafield tag="650" ind1=" " ind2=" ">
    <subfield code="a">Lenguaje unificado de modelamiento</subfield>
    <subfield code="9">144228</subfield>
  </datafield>
  <datafield tag="650" ind1=" " ind2=" ">
    <subfield code="a">M&#xE9;todo hazop</subfield>
    <subfield code="9">21934</subfield>
  </datafield>
  <datafield tag="700" ind1="1" ind2="0">
    <subfield code="a">Avenda&#xF1;o Gonz&#xE1;lez, Luis Enrique</subfield>
    <subfield code="4">aut</subfield>
    <subfield code="e">aut</subfield>
    <subfield code="9">696222</subfield>
  </datafield>
  <datafield tag="700" ind1="1" ind2="0">
    <subfield code="a">Herrera Orozco, Andr&#xE9;s Ricardo</subfield>
    <subfield code="4">aut</subfield>
    <subfield code="e">aut</subfield>
    <subfield code="9">631085</subfield>
  </datafield>
  <datafield tag="700" ind1="1" ind2="0">
    <subfield code="a">Mora Fl&#xF3;rez, Juan Jos&#xE9;</subfield>
    <subfield code="4">aut</subfield>
    <subfield code="e">aut</subfield>
    <subfield code="9">360791</subfield>
  </datafield>
  <datafield tag="700" ind1="1" ind2="0">
    <subfield code="a">Pati&#xF1;o, Jhon Fredy</subfield>
    <subfield code="4">aut</subfield>
    <subfield code="e">aut</subfield>
    <subfield code="9">688735</subfield>
  </datafield>
  <datafield tag="700" ind1="1" ind2="0">
    <subfield code="a">Giraldo Su&#xE1;rez, Eduardo</subfield>
    <subfield code="4">aut</subfield>
    <subfield code="e">aut</subfield>
    <subfield code="9">412674</subfield>
  </datafield>
  <datafield tag="700" ind1="1" ind2="0">
    <subfield code="a">Zuluaga R&#xED;os, Carlos David</subfield>
    <subfield code="4">aut</subfield>
    <subfield code="e">aut</subfield>
    <subfield code="9">673515</subfield>
  </datafield>
  <datafield tag="700" ind1="1" ind2="0">
    <subfield code="a">Avil&#xE9;s S&#xE1;nchez, Oscar</subfield>
    <subfield code="4">aut</subfield>
    <subfield code="e">aut</subfield>
    <subfield code="9">598513</subfield>
  </datafield>
  <datafield tag="700" ind1="1" ind2="0">
    <subfield code="a">Chaparro Fonseca, Juan Manuel</subfield>
    <subfield code="4">aut</subfield>
    <subfield code="e">aut</subfield>
    <subfield code="9">362012</subfield>
  </datafield>
  <datafield tag="700" ind1="1" ind2="0">
    <subfield code="a">Montoya Giraldo, &#xD3;scar Danilo</subfield>
    <subfield code="4">aut</subfield>
    <subfield code="e">aut</subfield>
    <subfield code="9">685662</subfield>
  </datafield>
  <datafield tag="700" ind1="1" ind2="0">
    <subfield code="a">Valenzuela Hern&#xE1;ndez, Juan Guillermo</subfield>
    <subfield code="4">aut</subfield>
    <subfield code="e">aut</subfield>
    <subfield code="9">685664</subfield>
  </datafield>
  <datafield tag="700" ind1="1" ind2="0">
    <subfield code="a">Giraldo Buitrago, Didier</subfield>
    <subfield code="4">aut</subfield>
    <subfield code="e">aut</subfield>
    <subfield code="9">493311</subfield>
  </datafield>
  <datafield tag="700" ind1="1" ind2="0">
    <subfield code="a">Escobar Vargas, Laura M&#xF3;nica</subfield>
    <subfield code="4">aut</subfield>
    <subfield code="e">aut</subfield>
    <subfield code="9">696223</subfield>
  </datafield>
  <datafield tag="700" ind1="1" ind2="0">
    <subfield code="a">Escobar Zuluaga, Antonio Hernando,</subfield>
    <subfield code="d">1960-</subfield>
    <subfield code="4">aut</subfield>
    <subfield code="e">aut</subfield>
    <subfield code="9">512995</subfield>
  </datafield>
  <datafield tag="700" ind1="1" ind2="0">
    <subfield code="a">Melchor Guti&#xE9;rrez, Jos&#xE9; Nicol&#xE1;s</subfield>
    <subfield code="4">aut</subfield>
    <subfield code="e">aut</subfield>
    <subfield code="9">714401</subfield>
  </datafield>
  <datafield tag="700" ind1="1" ind2="0">
    <subfield code="a">Duque G&#xF3;mez, Alejandro</subfield>
    <subfield code="4">aut</subfield>
    <subfield code="e">aut</subfield>
    <subfield code="9">705877</subfield>
  </datafield>
  <datafield tag="700" ind1="1" ind2="0">
    <subfield code="a">Holgu&#xED;n Londo&#xF1;o, Mauricio</subfield>
    <subfield code="4">aut</subfield>
    <subfield code="e">aut</subfield>
    <subfield code="9">291736</subfield>
  </datafield>
  <datafield tag="700" ind1="1" ind2="0">
    <subfield code="a">Uchima Mar&#xED;n, Cristhian</subfield>
    <subfield code="4">aut</subfield>
    <subfield code="e">aut</subfield>
    <subfield code="9">696225</subfield>
  </datafield>
  <datafield tag="700" ind1="1" ind2="0">
    <subfield code="a">Betancur Gonz&#xE1;lez, Jos&#xE9; Armando</subfield>
    <subfield code="4">aut</subfield>
    <subfield code="e">aut</subfield>
    <subfield code="9">705878</subfield>
  </datafield>
  <datafield tag="700" ind1="1" ind2="0">
    <subfield code="a">Panesso Hern&#xE1;ndeza, Andr&#xE9;s Felipe</subfield>
    <subfield code="4">aut</subfield>
    <subfield code="e">aut</subfield>
    <subfield code="9">693631</subfield>
  </datafield>
  <datafield tag="700" ind1="1" ind2="0">
    <subfield code="a">Mora Fl&#xF3;rez, Juan Jos&#xE9;</subfield>
    <subfield code="4">aut</subfield>
    <subfield code="e">aut</subfield>
    <subfield code="9">360791</subfield>
  </datafield>
  <datafield tag="700" ind1="1" ind2="0">
    <subfield code="a">Bola&#xF1;os, Rub&#xE9;n Iv&#xE1;n</subfield>
    <subfield code="4">aut</subfield>
    <subfield code="e">aut</subfield>
    <subfield code="9">696227</subfield>
  </datafield>
  <datafield tag="700" ind1="1" ind2="0">
    <subfield code="a">Hincapie Isaza, Ricardo Alberto</subfield>
    <subfield code="4">aut</subfield>
    <subfield code="e">aut</subfield>
    <subfield code="9">389097</subfield>
  </datafield>
  <datafield tag="700" ind1="1" ind2="0">
    <subfield code="a">Gallego Rend&#xF3;n, Ram&#xF3;n Alfonso,</subfield>
    <subfield code="d">1957-</subfield>
    <subfield code="4">aut</subfield>
    <subfield code="e">aut</subfield>
    <subfield code="9">393021</subfield>
  </datafield>
  <datafield tag="700" ind1="1" ind2="0">
    <subfield code="a">Castellanos Dom&#xED;nguez, C&#xE9;sar Germ&#xE1;n</subfield>
    <subfield code="4">aut</subfield>
    <subfield code="e">aut</subfield>
    <subfield code="9">617322</subfield>
  </datafield>
  <datafield tag="773" ind1="0" ind2=" ">
    <subfield code="t">Scientia Et Technica (Pereira)</subfield>
    <subfield code="g">Vol. 18, No. 01, Abr. 2013. CD-ROM, p. 1-78</subfield>
    <subfield code="w">205375</subfield>
    <subfield code="x">0122-1701</subfield>
    <subfield code="0">84632</subfield>
  </datafield>
  <datafield tag="942" ind1=" " ind2=" ">
    <subfield code="c">ARIMP</subfield>
  </datafield>
  <datafield tag="999" ind1=" " ind2=" ">
    <subfield code="c">661743</subfield>
    <subfield code="d">661743</subfield>
  </datafield>
</record>
